| 000 | 00931nam a2200313Ia 4500 | ||
|---|---|---|---|
| 003 | GCL | ||
| 008 | 140319s9999 xx 000 0 ara d | ||
| 040 |
_aGCL / _cGCL |
||
| 082 | 0 | 4 |
_a649 _bس ح |
| 100 | 1 | _aسبوك | |
| 245 | 1 | 0 |
_aحديث الى الامهات : _bمشاكل الاباء فى تربية الابناء / _cسبوك |
| 700 | 1 | _aمنير عامر | |
| 260 |
_aالقاهرة : _bالهيئة المصرية العامة للكتاب ، _c1988 |
||
| 300 |
_a239 ص ؛ _c24 سم |
||
| 490 | _a | ||
| 650 | 0 | 4 | _aالاطفال |
| 650 | 0 | 4 | _aامراض |
| 650 | 0 | 4 | _aعلم النفس |
| 650 | 0 | 4 | _aالمراهقة |
| 650 | 0 | 4 | _aالرعاية |
| 650 | 0 | 4 | _aالعناية الصحية |
| 650 | 0 | 4 | _aالصحة |
| 650 | 0 | 4 | _aتغذية |
| 650 | 0 | 4 | _aنمو |
| 650 | 0 | 4 | _aالاطفال الرضع |
| 650 | 0 | 4 | _aالامهات والابناء |
| 650 | 0 | 4 | _aالتمريض |
| 942 |
_2ddc _cBK |
||
| 999 |
_c29605 _d29605 |
||